000 00327pab a2200133 454500
008 180718b2017 xxu||||| |||| 00| 0 eng d
100 _aArzayeva, Maiya et al
245 _aIslamic finance in a global context
260 _c2017
300 _ap.229-238.
650 _aIslamic law
773 _aMan in India
909 _a115812
999 _c115806
_d115806